Rajniti vigyan ke siddhant (Record no. 360057)

MARC details
000 -LEADER
fixed length control field 00497 a2200181 4500
005 - DATE & TIME
control field 20250602144859.0
008 - FIXED-LENGTH DATA ELEMENTS--GENERAL INFORMATION
fixed length control field 250602b |||||||| |||| 00| 0 eng d
020 ## - ISBN
International Standard Book Number 9789388031080
Price Rs. 1795.00
040 ## - CATALOGING SOURCE
Original cataloging agency VIVEKANANDA LIBRARY
082 ## - DDC NUMBER
Classification number 320.01
Book Number B179R
100 ## - MAIN ENTRY--PERSONAL NAME
Personal name Bakoliya, Dheeraj
245 ## - TITLE STATEMENT
Title Rajniti vigyan ke siddhant
260 ## - PUBLICATION, DISTRIBUTION, ETC. (IMPRINT)
Name of publisher, distributor, etc Baba Publication
Date of publication, distribution, etc 2024
Place of publication, distribution, etc Jaipur
300 ## - PHYSICAL DESCRIPTION
Pages 240
650 ## - Subject
Subject Political Science- Philosophy
650 ## - Subject
Subject Political Science- Study and Teaching
942 ## - ADDED ENTRY ELEMENTS (KOHA)
Koha item type Books
Holdings
Withdrawn status Lost status Source of classification or shelving scheme Damaged status Not for loan Location (home branch) Sublocation or collection (holding branch) Shelving location Date acquired Koha issues (times borrowed) Koha full call number Accession No. Koha date last seen Koha item type
    Dewey Decimal Classification     VIVEKANANDA LIBRARY VIVEKANANDA LIBRARY Vivekananda Library 22/01/2025   320.01 B179R 441919 22/01/2025 Books
© Designed and Maintained by Vivekananda Library, MDU Rohtak